The Soviet Encyclopedia।।-A-Z (Record no. 1225676)

MARC details
000 -LEADER
fixed length control field 00556nam a2200193Ia 4500
008 - FIXED-LENGTH DATA ELEMENTS--GENERAL INFORMATION
fixed length control field 151121s9999||||xx |||||||||||||| ||und||
082 ## - DEWEY DECIMAL CLASSIFICATION NUMBER
Classification number 030।947/Pet
082 ## - DEWEY DECIMAL CLASSIFICATION NUMBER
Item number HNW-31808
100 ## - MAIN ENTRY--PERSONAL NAME
Personal name Petrovich G।V। -C।Edi।
245 #4 - TITLE STATEMENT
Title The Soviet Encyclopedia।।-A-Z
260 ## - PUBLICATION, DISTRIBUTION, ETC. (IMPRINT)
Name of publisher, distributor, etc mir Pub। Moscow।
260 ## - PUBLICATION, DISTRIBUTION, ETC. (IMPRINT)
Date of publication, distribution, etc --
300 ## - PHYSICAL DESCRIPTION
Extent 619
600 ## - SUBJECT ADDED ENTRY--PERSONAL NAME
Personal name Petrovich G।V। -C।Edi।
630 ## - SUBJECT ADDED ENTRY--UNIFORM TITLE
Uniform title The Soviet Encyclopedia।।-A-Z
700 ## - ADDED ENTRY--PERSONAL NAME
Personal name Petrovich G।V। -C।Edi।
730 ## - ADDED ENTRY--UNIFORM TITLE
Uniform title The Soviet Encyclopedia।।-A-Z
942 ## - ADDED ENTRY ELEMENTS (KOHA)
Koha item type Book
Holdings
Withdrawn status Lost status Damaged status Not for loan Home library Current library Date acquired Cost, normal purchase price Total Checkouts Full call number Barcode Date last seen Cost, replacement price Price effective from Koha item type
        Hirachand Nemchand Wachanalaya, Solapur Hirachand Nemchand Wachanalaya, Solapur 11/21/2015 15.00   HNW-31808 HNW-31808 11/21/2015 15.00 11/21/2015 Book